| 000 -LEADER |
| fixed length control field |
01580nam a22001577a 4500 |
| 008 - FIXED-LENGTH DATA ELEMENTS--GENERAL INFORMATION |
| fixed length control field |
231013b ||||| |||| 00| 0 eng d |
| 100 ## - MAIN ENTRY--PERSONAL NAME |
| Personal name |
Sen, Akshaya Kumar |
| 245 ## - TITLE STATEMENT |
| Title |
Awareness on sustainable municipal services |
| 260 ## - PUBLICATION, DISTRIBUTION, ETC. (IMPRINT) |
| Place of publication, distribution, etc |
Nagarlok: Quarterly Journal of Urban Affairs |
| 300 ## - PHYSICAL DESCRIPTION |
| Extent |
55(2), Jun, 2023: p.50-61 |
| 520 ## - SUMMARY, ETC. |
| Summary, etc |
Creating awareness on sustainable municipal services hold the key for making informed decisions about the allocation of resources, infrastructure development, and the delivery of services to the residents. The urban local bodies are also directly responsible for the achievement of more than two third of parameters of 17 Sustainable Development Goals (SDGs) by 2030. The functions and services provided by municipal governments are, therefore, vital for creating healthy, livable and sustainable communities. This paper highlights various benefits of creating awareness and suggests strategies for creating such awareness for sustainable municipal services. The paper also briefly discusses some of the flagship programmes of the Government of India to promote sustainable municipal services by encouraging municipalities to adopt sustainable practices, through creating awareness among all stakeholders and promote behavior change, apart from providing financial support for sustainable development.- Reproduced |
| 650 ## - SUBJECT ADDED ENTRY--TOPICAL TERM |
| Topical term or geographic name as entry element |
Sustainable municipal services, Awareness, Decentralisation, Community engagement, Angikaar. |
| 9 (RLIN) |
40996 |
| 773 ## - HOST ITEM ENTRY |
| Main entry heading |
Nagarlok: Quarterly Journal of Urban Affairs |
| 906 ## - LOCAL DATA ELEMENT F, LDF (RLIN) |
| Subject DIP |
MUNICIPALITIES |
| 942 ## - ADDED ENTRY ELEMENTS (KOHA) |
| Item type |
Articles |